| 000 | 01265nam a2200217Ia 4500 | ||
|---|---|---|---|
| 003 | Ost | ||
| 005 | 20260416102357.0 | ||
| 008 | 260416s9999||||xx |||||||||||||| ||und|| | ||
| 040 | _cfsecg | ||
| 041 | _aara | ||
| 082 | _a330 | ||
| 100 |
_aبركات، أحمد _eمؤلف |
||
| 245 | 0 |
_aمدخل الإقتصاد / _c أحمد بركات |
|
| 260 |
_aالجزائر _bجامعة الجزائر3: كلية العلوم الإقتصادية، العلوم التجارية وعلوم التسيير _c2018 |
||
| 300 |
_a136 ورقة _bايضاحات _c30 سم |
||
| 504 | _aمراجع ص.135 | ||
| 520 | _aعلم الاقتصاد ، علم الاقتصاد و العلوم الاجتماعية الأخرى ، النشاط الاقتصادي و المفاهيم الاقتصادية ، المشكلة الاقتصادية ، الحاجات ، الانظمة الاقتصادية ، الادخار ، الاستثمار ، التحليل الاقتصادي ، الازمة الاقتصادية و المالية ، التضخم و البطالة. | ||
| 653 | _aالاقتصاد | ||
| 710 |
_aجامعة الجزائر3: كلية العلوم الإقتصادية، العلوم التجارية وعلوم التسيير _eناشر علمي |
||
| 942 | _cHANDOUT | ||
| 999 |
_c41265 _d41265 |
||